Diagnostic pathology: nonneoplastic dermatopathology. (2nd edition) (Record no. 63789)

MARC details
000 -LEADER
fixed length control field 01224nam a2200229 a 4500
008 - FIXED-LENGTH DATA ELEMENTS--GENERAL INFORMATION
fixed length control field 190612s2017 ||||||||||||||||| || u
020 ## - INTERNATIONAL STANDARD BOOK NUMBER
International Standard Book Number 9780323377133
050 ## - LIBRARY OF CONGRESS CALL NUMBER
Classification number RL 105 Hal
100 ## - MAIN ENTRY--PERSONAL NAME
Personal name Hall, Brian J
245 10 - TITLE STATEMENT
Title Diagnostic pathology: nonneoplastic dermatopathology. (2nd edition)
Statement of responsibility, etc. By Brian J. Hall, Clay J. Cockerell
250 ## - EDITION STATEMENT
Edition statement 2nd edition
260 ## - PUBLICATION, DISTRIBUTION, ETC.
Place of publication, distribution, etc. Philadelphia
Name of publisher, distributor, etc. Elsevier
Date of publication, distribution, etc. 2017
300 ## - PHYSICAL DESCRIPTION
Extent xxi, 701 pages : illustrations
350 ## -
-- 213.74
650 ## - SUBJECT ADDED ENTRY--TOPICAL TERM
Topical term or geographic name entry element SKIN--DISEASES--DIAGNOSIS--HANDBOOKS, MANUALS, ETC
650 ## - SUBJECT ADDED ENTRY--TOPICAL TERM
Topical term or geographic name entry element SKIN DISEASES--PATHOLOGY--ATLASES
650 ## - SUBJECT ADDED ENTRY--TOPICAL TERM
Topical term or geographic name entry element SKIN DISEASES--DIAGNOSIS--ATLASES
700 ## - ADDED ENTRY--PERSONAL NAME
Personal name Cockerell, Clay J
995 ## -
-- MEDICAL LIBRARY OPEN ACCESS
-- 904128
-- CBU-SCHOOL OF MEDICINE LIBRARY (Ndola)
-- 213.74
-- RL 105 Hal
-- 3
-- AVAILABLE
-- Jun 13, 2019
-- 904128
-- Medical Library Open Access Collection
995 ## -
-- MEDICAL LIBRARY OPEN ACCESS
-- 904126
-- CBU-SCHOOL OF MEDICINE LIBRARY (Ndola)
-- 213.74
-- RL 105 Hal
-- 1
-- AVAILABLE
-- Jun 13, 2019
-- 904126
-- Medical Library Open Access Collection
995 ## -
-- MEDICAL LIBRARY OPEN ACCESS
-- 904127
-- CBU-SCHOOL OF MEDICINE LIBRARY (Ndola)
-- 213.74
-- RL 105 Hal
-- 2
-- AVAILABLE
-- Jun 13, 2019
-- 904127
-- Medical Library Open Access Collection
999 ## -
-- 63789
-- 63789
Holdings
Withdrawn status Lost status Source of classification or shelving scheme Damaged status Not for loan Permanent Location Current Location Shelving location Date acquired Total Checkouts Full call number Barcode Date last seen Copy number Price effective from Koha item type
          CBU-SCHOOL OF MEDICINE LIBRARY, NDOLA. CBU-SCHOOL OF MEDICINE LIBRARY, NDOLA.   02/01/2023   RL 105 Hal 904128 02/01/2023 1 02/01/2023 MONOGRAPH
          CBU-SCHOOL OF MEDICINE LIBRARY, NDOLA. CBU-SCHOOL OF MEDICINE LIBRARY, NDOLA.   02/01/2023   RL 105 Hal 904126 02/01/2023 2 02/01/2023 MONOGRAPH
          CBU-SCHOOL OF MEDICINE LIBRARY, NDOLA. CBU-SCHOOL OF MEDICINE LIBRARY, NDOLA.   02/01/2023   RL 105 Hal 904127 02/01/2023 3 02/01/2023 MONOGRAPH